| 000 | 00542nam a22001817a 4500 | ||
|---|---|---|---|
| 999 |
_c39780 _d39780 |
||
| 005 | 20181130115905.0 | ||
| 010 | _aENG-98564 | ||
| 020 |
_a9788190621816 _c200.00 |
||
| 035 | _aEN-82097 | ||
| 037 | _bDBAD/PUB | ||
| 082 | _a934.0841 | ||
| 245 |
_aPeople's diary of freedom struggle / _cedited by Sitaram Yechury |
||
| 260 |
_aNew Delhi _bPeople's Democracy _c2008 |
||
| 270 |
_a15,Talkatora Road _bNew Delhi _e110001 |
||
| 300 |
_axii,287p _c21cm(pbk) |
||
| 700 |
_aYechury,Sitaram _97767 |
||
| 942 |
_2ddc _cEN _h934.0841 _mPEO |
||